Комбинированный метод оценки деформационного поведения конструкционных материалов на микро-, мезо- и макромасштабных уровнях; Современные проблемы машиностроения

Dettagli Bibliografici
Parent link:Современные проблемы машиностроения.— 2008.— С. 169-173
Altri autori: Бяков А. В. Антон Викторович, Гренке В. В., Шакиров И. В.
Lingua:russo
Pubblicazione: 2008
Soggetti:
Natura: MixedMaterials Capitolo di libro
KOHA link:https://koha.lib.tpu.ru/cgi-bin/koha/opac-detail.pl?biblionumber=157781

MARC

LEADER 00000naa2a2200000 4500
001 157781
005 20231031154011.0
035 |a (RuTPU)RU\TPU\book\171140 
090 |a 157781 
100 |a 20090414d2008 k y0rusy50 ca 
101 0 |a rus 
102 |a RU 
200 1 |a Комбинированный метод оценки деформационного поведения конструкционных материалов на микро-, мезо- и макромасштабных уровнях  |f А. В. Бяков [и др.] 
320 |a Библиогр.: 3 назв. 
463 0 |0 (RuTPU)RU\TPU\book\164780  |t Современные проблемы машиностроения  |o труды IV Международной научно-технической конференции, 26-28 ноября 2008 г., Томск  |f Томский политехнический университет (ТПУ)  |v С. 169-173  |d 2008  |p 666 с. 
610 1 |a конструкционные материалы 
610 1 |a деформация 
610 1 |a оценка 
610 1 |a методы оценки 
610 1 |a комбинированные методы 
610 1 |a труды учёных ТПУ 
701 1 |a Бяков  |b А. В.  |c специалист в области материаловедения  |c ассистент кафедры материаловедения в машиностроении Томского политехнического университета  |f 1985-  |g Антон Викторович  |2 stltpush  |3 (RuTPU)RU\TPU\pers\28936 
701 1 |a Бяков  |b А. В.  |c специалист в области материаловедения  |c ассистент кафедры материаловедения в машиностроении Томского политехнического университета  |f 1985-  |g Антон Викторович  |2 stltpush  |3 (RuTPU)RU\TPU\pers\28936 
701 1 |a Гренке  |b В. В. 
701 1 |a Шакиров  |b И. В. 
801 1 |a RU  |b 63413507  |c 20090414  |g PSBO 
801 2 |a RU  |b 63413507  |c 20151210  |g RCR 
942 |c BK